000 00860cam a2200265 a 4500
001 14322674
005 20180315090504.0
008 060330s2008 mauab 000 0 eng
010 _a 2006924946
020 _a9780312443153
020 _a0312443153
020 _a9780312443177 (pbk.)
020 _a031244317X (pbk.)
040 _aDLC
_cDLC
_dDLC
041 _aeng
080 _a37 LUN
082 _a37 LUN
100 1 _a25
101 _aEDU
245 1 4 _aThe St. Martin's handbook /
_cAndrea A. Lunsford ; a section for multilingual writers with Paul Kei Matsuda, Christine M. Tardy ; a section on academic and professional writing with Lisa Ede.
246 3 _aSaint Martin's handbook
906 _a7
_bcbc
_corignew
_d2
_eepcn
_f20
_gy-gencatlg
942 _2ddc
_cBK
999 _c45155
_d45155